Top 20 NBA Power Forwards of All Time - Statistics

General Stats
  • This quiz has been taken 53 times
  • The average score is 10 of 20
Answer Stats
Hint Answer Height Known For % Correct
2. Giannis Antetokounmpo 6'11 2 Time MVP, 1 FMVP, DPOY, Carried Bucks, Dominant Force
100%
1. Tim Duncan 6'11 Elite Mid-Range and Post-Scorer, Elite Defender, 2 MVPS, 5 Rings
93%
4. Dirk Nowitzki 7'0 Greatest Shooting Big, Longevity, MVP, 1 Ring & FMVP
91%
5. Karl Malone 6'9 3rd All Time Leading Scorer, 2 MVPs, Dominant Force
83%
6. Charles Barkley 6'6 Elite Rebounder, MVP, Considered Undersized for Position
78%
3. Kevin Garnett 6'11 Elite Defender, Rebounder, and Scorer, 1 DPOY and MVP
78%
11. Dennis Rodman 6'7 Greatest Hustle, 2 Time DPOY, Elite Defender and Rebounder
59%
10. Kevin McHale 6'10 Dominant Post-Scorer, 3 Rings, 2 Time 6MOTY
57%
7. Bob Pettit 6'9 2 Time MVP, Versatile, Elite Scorer & Rebounder
48%
16. Chris Webber 6'10 Elite Passer, Helped Kings Rise to Top of League
46%
13. Draymond Green 6'6 Elite Defender and Playmaker, DPOY, 4 Rings
46%
8. Elvin Hayes 6'9 Two-Way Force, Led League Scoring as a Rookie
43%
15. Pau Gasol 7'1 2 Rings, First Non-American ROTY, Great at Reading Defense
41%
12. Anthony Davis 6'10 Elite Scorer, Rim Protector, Rebounder, Dominant Force
39%
9. Wes Unseld 6'7 Won Simultaneous ROTY & MVP, Elite Passer & Rebounder
35%
19. LaMarcus Aldridge 6'11 Elite Scorer in Mid-Range, Big Man
24%
20. Amar'e Stoudemire 6'10 Explosive Scorer
20%
14. Dolph Schayes 6'8 Pioneer Shooter, Elite Scorer & Rebounder
15%
17. Kevin Love 6'8 Elite Shooter and Rebounder, 1 Ring
11%
18. Dave DeBusschere 6'6 Elite Defender, 2 Rings
9%
No matching quizzes found
Score Distribution
Percent of People with Each Score
Percentile by Number Answered
Your Score History
You have not taken this quiz